000
00436nam a2200133Ia 4500
008
100328s9999 xx 000 0 und d
082
_b
11751
100
_a
गुर्जर ल.वा.
245
_a
कथा ही गणिताची क्ष
260
_b
आर्यभूषण
630
_a
कथा ही गणिताची क्ष
730
_a
कथा ही गणिताची क्ष
942
_c
BOOK
999
_c
507062
_d
507059